Westlife Song - Statistics

General Stats
  • This quiz has been taken 534 times
  • The average score is 5 of 15
Answer Stats
Hint Answer % Correct
"And now she's looking for a downtown man That's what I am" Uptown girl
98%
"I should have seen it coming, I should've read the signs" Fool again
71%
"I'm too shy to ask, I'm too proud to lose" If I let you go
64%
"A simple line can make you laugh or cry" Flying without wings
54%
"And the more that I'm sure I want you forever and ever more" Swear it again
48%
"She's a 5 foot 10 in catsuit And bambi eyes" When you're looking like that
43%
"If you see the wonder of a fairy tale" I have a dream
42%
"Too much wine and too much song, wonder how I got along" Season in the sun
30%
"Show me all your love, and walk right through" I lay my love on you
26%
"When you get on your knees if that would bring her home" What makes a man
23%
"Now that I've tried to talk to you and make you understand" Morethan words
7%
"That I waited too long to tell you how much it matters?" Open your heart
7%
"I don't wanna feel The way that I do" Miss you
6%
"Let's make it alright Wake up to what we've been given" No no
6%
"And my chances slipped away With each time I lied" I need you
4%
No matching quizzes found
Score Distribution
Percent of People with Each Score
Percentile by Number Answered
Your Score History
You have not taken this quiz